[Event "Yerevan op-A 3rd"]
[Site "Yerevan"]
[Date "2021.10.15"]
[Round "2"]
[White "Puranik, Abhimanyu Sameer"]
[Black "Krishna Teja, N."]
[Result "1-0"]
[WhiteElo "2568"]
[BlackElo "2385"]
[PlyCount "89"]
[EventDate "2021.10.14"]
[EventType "swiss"]
[EventRounds "9"]
[EventCountry "ARM"]
[SourceTitle "CBM 204 Extra"]
[Source "ChessBase"]
[SourceDate "2021.11.30"]
[SourceVersion "1"]
[SourceVersionDate "2021.11.30"]
[SourceQuality "1"]

1. Nf3 d5 2. g3 c6 3. Bg2 Bg4 4. c4 Nd7 5. cxd5 cxd5 6. h3 Bxf3 7. Bxf3 e6 8. 0-0 Ngf6 9. Nc3 Be7 10. d4 0-0 11. Qd3 Rc8 12. Bd2 a6 13. Rac1 b5 14. e3 Nb6 15. b3 Ba3 16. Rb1 Bb4 17. Rfc1 Qe7 18. Ne2 h6 19. h4 Rfd8 20. Nf4 Nfd7 21. Qe2 Qf8 22. Bxb4 Qxb4 23. Nd3 Qa3 24. Kg2 a5 25. Qd2 a4 26. Be2 axb3 27. axb3 Na8 28. Nc5 Nxc5 29. dxc5 Qa6 30. Ra1 Qc6 31. Qa5 Rb8 32. Qa6 Qxa6 33. Rxa6 b4 34. Rc6 Kf8 35. Ra1 Ke7 36. Ra7+ Ke8 37. Bh5 g6 38. Bxg6 fxg6 39. Rxe6+ Kf8 40. Rf6+ Kg8 41. Rxg6+ Kf8 42. Rxh6 Kg8 43. Rhh7 Rbc8 44. h5 Rc6 45. g4 1-0

[Event "Budapest Vezerkepzo GM Mix"]
[Site "Budapest"]
[Date "2021.09.19"]
[Round "5"]
[White "Rathanvel, VS."]
[Black "Krishna Teja, N."]
[Result "1/2-1/2"]
[WhiteElo "2438"]
[BlackElo "2411"]
[PlyCount "86"]
[EventDate "2021.09.15"]
[EventType "swiss"]
[EventRounds "10"]
[EventCountry "HUN"]
[SourceTitle "EXT 2022"]
[Source "ChessBase"]
[SourceDate "2021.10.06"]
[SourceVersion "1"]
[SourceVersionDate "2021.10.06"]
[SourceQuality "1"]

1. e4 e6 2. d4 d5 3. Nc3 dxe4 4. Nxe4 Bd7 5. Nf3 Bc6 6. Bd3 Nd7 7. 0-0 Ngf6 8. Ng3 g6 9. b3 Bg7 10. Ba3 Bf8 11. Bb2 Bg7 12. Ba3 Bf8 13. Bb2 Bg7 14. c4 0-0 15. Qe2 Bxf3 16. Qxf3 c6 17. Rad1 Qc7 18. Rfe1 Rfe8 19. Bf1 Rad8 20. h3 a6 21. Re3 Bh6 22. Red3 Qf4 23. Qe2 Bg7 24. Bc3 Qc7 25. Qf3 Rc8 26. Re3 Bh6 27. Red3 Qf4 28. Qe2 Bg7 29. Re3 Qc7 30. Qb2 Qd6 31. Rde1 Red8 32. Rf3 Re8 33. Rfe3 Bh6 34. Rf3 Bg7 35. Qc2 Qc7 36. Ne2 e5 37. dxe5 Nxe5 38. Re3 Ned7 39. Ng3 Rxe3 40. Rxe3 Re8 41. Qe2 Qd8 42. Qf3 Rxe3 43. Qxe3 Qe8 1/2-1/2

[Event "Budapest Vezerkepzo GM Mix"]
[Site "Budapest"]
[Date "2021.09.17"]
[Round "4"]
[White "Krishna Teja, N."]
[Black "Vantika, Agrawal"]
[Result "1/2-1/2"]
[WhiteElo "2411"]
[BlackElo "2315"]
[PlyCount "147"]
[EventDate "2021.09.15"]
[EventType "swiss"]
[EventRounds "10"]
[EventCountry "HUN"]
[SourceTitle "EXT 2022"]
[Source "ChessBase"]
[SourceDate "2021.10.06"]
[SourceVersion "1"]
[SourceVersionDate "2021.10.06"]
[SourceQuality "1"]

1. Nf3 Nf6 2. g3 g6 3. b3 Bg7 4. Bb2 0-0 5. Bg2 d6 6. d4 c5 7. c4 d5 8. Nbd2 cxd4 9. cxd5 Nxd5 10. Nxd4 Qa5 11. 0-0 Nc3 12. Qc2 Bxd4 13. Nc4 Qf5 14. e4 Qc5 15. Bxc3 Nc6 16. e5 Bf5 17. Bxd4 Nxd4 18. Qb2 Rfd8 19. Rac1 Rac8 20. Rfd1 b5 21. b4 Qc7 22. Rxd4 bxc4 23. Rxd8+ Qxd8 24. b5 Bd3 25. Bc6 Qb6 26. Qc3 Rd8 27. Qb4 Kf8 28. a4 Qd4 29. a5 Qxe5 30. Re1 Qd6 31. Qd2 a6 32. Qc3 f6 33. Ra1 axb5 34. Bxb5 Qc5 35. Ba6 Rb8 36. Rc1 Qd6 37. Bxc4 Rc8 38. Bxd3 Rxc3 39. Rxc3 Qd4 40. Rc8+ Kg7 41. Bf1 Qd7 42. Rc5 Qd6 43. Rc2 Qd1 44. Re2 e5 45. a6 Qa1 46. Rc2 h5 47. Rc7+ Kh6 48. a7 h4 49. gxh4 e4 50. Kg2 Qa3 51. Be2 f5 52. Re7 Qa2 53. Bc4 Qa3 54. h3 Qf3+ 55. Kg1 Qd1+ 56. Bf1 Qa1 57. Kg2 f4 58. Rxe4 Qxa7 59. Rxf4 Qb7+ 60. Kg1 Qb1 61. Rg4 Qd1 62. Rg3 Qc1 63. Kg2 Qc6+ 64. Kh2 Qf6 65. Kg2 Qxh4 66. Bd3 g5 67. Rg4 Qh5 68. Rd4 Kg7 69. Rd6 Qh4 70. Be2 Qf4 71. Ra6 Qe4+ 72. Bf3 Qf4 73. Re6 Qc1 74. Re4 1/2-1/2